000 00695nam a2200217 i 4500
001 17661
003 ES-MaACL
005 20230906151633.0
007 t|
008 010420s2000 sp d |||| | spa d
020 _a84-00-07862-4
080 _a004(100)
080 _a316.77(100)
245 0 0 _aInforme mundial sobre la comunicación y la información 1999-2000.
260 _aMadrid :
_bUNESCO :
_bCINDOC,
_c[2000]
300 _a323 p. :
_bgráf., tablas ;
_c30 cm.
650 1 4 _aTecnologías de la información y de la comunicación.
_9161860
710 2 _aUnesco.
_96999
710 2 _aCentro de Información y Documentación Científica (España)
_9137802
852 _aES-MaACL
_jL-24580
999 _c17661
_d17661